书目信息 |
| 题名: |
谁来哄我睡觉
|
|
| 作者: | ;皮皮书坊 编绘 | |
| 分册: | 我必须得…… | |
| 出版信息: | 北京 化学工业出版社 2018.08 |
|
| 页数: | 20页 | |
| 开本: | 18cm | |
| 丛书名: | ||
| 单 册: | ||
| 中图分类: | G613.3 | |
| 科图分类: | ||
| 主题词: | 故事课--学前教育--教学参考资料 | |
| 电子资源: | ||
| ISBN: | 978-7-122-32198-5 | |
| 000 | 00878nam0 2200241 450 | |
| 001 | 0103152709 | |
| 005 | 20201103152734.0 | |
| 010 | @a978-7-122-32198-5@b精装@dCNY58.00 | |
| 100 | @a20190226d2018 bemy0chiy50 ea | |
| 101 | 0 | @achi |
| 102 | @aCN@b110000 | |
| 105 | @aa z 000yy | |
| 106 | @ar | |
| 200 | 1 | @a谁来哄我睡觉@Ashui lai hong wo shui jiao@i我必须得……@f皮皮书坊编绘 |
| 210 | @a北京@c化学工业出版社@d2018.08 | |
| 215 | @a20页@c彩图@d18cm | |
| 300 | @a北京市绿色印刷工程——优秀青少年读物绿色印刷示范项目 | |
| 330 | @a本书讲述了天黑了,黑黑的小恐龙做准备啦,嗤啦拉上了窗帘、哗啦啦地洗澡、咕噜噜地刷牙、换好最喜欢的格子睡衣、躺在软软的小床上,盖上软软的小被子,准备睡觉。 | |
| 606 | 0 | @a故事课@x学前教育@j教学参考资料 |
| 690 | @aG613.3@v5 | |
| 711 | 02 | @a皮皮书坊@Api pi shu fang@4编绘 |
| 801 | 0 | @aCN@bBJSZM@c20201103 |
| 905 | @b1258946-50@dG613.3@e1165@f5 | |
| 谁来哄我睡觉.我必须得……/皮皮书坊编绘.-北京:化学工业出版社,2018.08 |
| 20页:彩图;18cm |
| 北京市绿色印刷工程——优秀青少年读物绿色印刷示范项目 |
| ISBN 978-7-122-32198-5(精装):CNY58.00 |
| 本书讲述了天黑了,黑黑的小恐龙做准备啦,嗤啦拉上了窗帘、哗啦啦地洗澡、咕噜噜地刷牙、换好最喜欢的格子睡衣、躺在软软的小床上,盖上软软的小被子,准备睡觉。 |
| ● |
| 相关链接 |
|
|
|
|
正题名:谁来哄我睡觉
索取号:G613.3/1165
 
预约/预借
| 序号 | 登录号 | 条形码 | 馆藏地/架位号 | 状态 | 备注 |
| 1 | 1258946 | 212589466 | 第一样本阅览室/ [索取号:G613.3/1165] | 在馆 | |
| 2 | 1258947 | 212589475 | 教育系资料室/ [索取号:G613.3/1165] | 在馆 | |
| 3 | 1258948 | 212589484 | 教育系资料室/ [索取号:G613.3/1165] | 在馆 | |
| 4 | 1258949 | 212589493 | 第四借阅区/ [索取号:G613.3/1165] | 在馆 | |
| 5 | 1258950 | 212589509 | 第四借阅区/ [索取号:G613.3/1165] | 在馆 |